000
00309nam a22000977a 4500
008
150729b xxu||||| |||| 00| 0 eng d
010
_8
HCCRSARF: 039
245
_a
HIGH COURT CRIMINAL SESSION No.74 of 1990 Uganda Vs Simon Ochieng
260
_a
High Court Kampala
500
_3
Before: Hon. Mr. Ag Justice G.M. Okello
999
_c
8310
_d
8310